000 00646nam a2200193Ia 4500
003 GCL
008 140319s9999 xx 000 0 ara d
040 _aGCL /
_cGCL
082 0 4 _a889.3
_bا غ
100 1 _aنعيم عطية
245 1 0 _aغابة الفرح /
_cنعيم عطية
700 1 _aافيروف، ايفانجيلوس
260 _a[S.N] :
_bالهيئة المصرية العامة للكتاب ،
_c1988
300 _a136 ص
490 _aسلسلة الرواية العالمية
_v0
650 0 4 _aالادب اليونانى المترجم
650 0 4 _aالقصص اليونانية المترجمة
942 _2ddc
_cBK
999 _c30098
_d30098